00668nam a2200241 a 4500001001300000003000900013005001700022008004100039020001000080082001300090100001600103245004900119260004400168300000900212500003500221505001000256650002200266700001600288902000800304942000700312952009200319999001500411nice12345678IN_TiNIC20260116011701.0050524s1912 lona grp 000 0 eng  ac10000a239bAND aAndrew, C F aRenaissance in Indiab Its Missionary Aspect aLondonbChurch Missionary Societyc1912 a310p aincludes index and biblioraphy2 aIndex aEvangelistic Work1 aAndrew, C F bSRS cBK 00104070aHMIbHMId2008-07-25g100.00l0o239 ANDp8827r2008-07-25w2026-01-16yEB c3390d3390